Fundamentals of uncertainty calculi with applications to fuzzy inference /
Guardado en:
| Autor Principal: | |
|---|---|
| Otros Autores: | , |
| Formato: | Libro |
| Idioma: | English |
| Publicado: |
Dordrecht :
Kluwer Academic Publishers,
c1995.
|
| Series: | Theory and decision library. Mathematical and statistical methods ;
v. 30 |
| Materias: | |
| Etiquetas: |
Agregar Etiqueta
Sin Etiquetas, Sea el primero en etiquetar este registro!
|
| LEADER | 01454pam a2200289 a 4500 | ||
|---|---|---|---|
| 001 | MAT.inmabb003668 | ||
| 008 | 940906s1995####ne#a#####b####001#0#eng## | ||
| 005 | 20130320093903.0 | ||
| 245 | 1 | 0 | |a Fundamentals of uncertainty calculi with applications to fuzzy inference / |c by Michel Grabisch, Hung T. Nguyen, and Elbert A. Walker. |
| 260 | |a Dordrecht : |b Kluwer Academic Publishers, |c c1995. | ||
| 300 | |a xi, 346 p. : |b il. ; |c 25 cm. | ||
| 440 | 0 | |a Theory and decision library. |n Series B, |p Mathematical and statistical methods ; |v v. 30 | |
| 500 | |a Incluye hoja con errata. | ||
| 504 | |a Incluye referencias bibliográficas (p. 323-342) e índice. | ||
| 505 | 0 | |a 1. Introduction -- 2. Modeling uncertainty -- 3. Capacities and the Choquet functional -- 4. Information measures -- 5. Calculus of fuzzy concepts -- 6. Fuzzy measures and integrals -- 7. Decision making -- 8. Subjective multicriteria evaluation -- 9. Pattern recognition and computer vision -- 10. Identification and interpretation of fuzzy measures. | |
| 510 | 4 | |a MR, |c 98g:03123 | |
| 020 | |a 0792331753 | ||
| 100 | 1 | |a Grabisch, Michel. | |
| 700 | 1 | |a Nguyen, Hung T., |d 1944- | |
| 700 | 1 | |a Walker, E. |q (Elbert), |d 1930- | |
| 650 | 0 | |a Fuzzy sets. | |
| 650 | 0 | |a Fuzzy systems. | |
| 650 | 0 | |a Expert systems (Computer science) | |
| 084 | |a 03E72 (03B52 28E10 62Cxx 68T30 68T45 90C70 91B06) |2 msc2000 | ||
| 010 | |a 94037360 | ||
| 040 | |a DLC |c DLC |d DLC | ||
| 859 | |h 03 |i G728 |p A-7140 |b BIB. MATEMATICA | ||
